000 00283nam a2200121Ia 4500
005 20251222144723.0
008 251222s9999||||xx |||||||||||||| ||spa||
082 _a657.92/P19/T.I
100 _aPalomino Hurtado, Carlos
245 0 _aMétodo Calpa:
264 _bCALPA
942 _cLIB
999 _c18291
_d18291